Statistiques concernant les pokemon du RU 7g

Cliquez ici pour prendre le quiz!

Statistiques générales

  • Ce quiz a été pris 3 fois
    (1 depuis la dernière actualisation)
  • Le résultat moyen est 21 sur 59

Statistiques - réponses

Answer % Correct
shaymin
100%
top tiergardevoir
100%
heledelle
100%
top tierflorges
100%
hoopa
100%
mega jungko
100%
bruyverne
100%
milobellus
100%
top tierregisteel
100%
motisma tonte
100%
rexillius
100%
foretress
100%
cresselia
100%
yanmega
100%
crehelf
100%
top tiermega tortank
100%
top tierarcanin
100%
diancie
100%
kravarech
100%
zygarde 10%
100%
top tierdonphan
100%
rubombelle
0%
porygon 2
0%
rhinastoc
0%
raikou
0%
roserade
0%
florizarre
0%
feunard
0%
coatox
0%
sucreine
0%
ronflex
0%
flagadoss
0%
malamandre
0%
noctali
0%
viridium
0%
demanta
0%
lancargot
0%
mentali
0%
top tierlibegon
0%
mygavolt
0%
drascore
0%
crustabri
0%
tarenbulle
0%
mega branette
0%
chelours
0%
archeodong
0%
gigalithe
0%
top tiersarmurai
0%
mega pharamp
0%
ossatueur d'alola
0%
top tiermetalosse
0%
necrozma
0%
vaututrice
0%
top tiermackogneur
0%
muplodocus
0%
corboss
0%
voltali
0%
lougaroc crepusculaire
0%
nidoqueen
0%

Distribution des résultats

Percentile by Number Answered

% des personnes avec chaque résultat

Votre développement - résultats

Vous n’avez pas pris ce quiz depuis la dernière actualisation